| 000 | 00620nam a22001577a 4500 | ||
|---|---|---|---|
| 008 | 221027b ||||| |||| 00| 0 eng d | ||
| 020 | _a 9780979882838 | ||
| 050 |
_a DT294.7 _b .A3 K57 2008 |
||
| 100 | _a Kiser, John W. | ||
| 245 |
_aCommander of the faithful : _bthe life and times of Emir Abd el-Kader / _cJohn W. Kiser. |
||
| 260 |
_a Rhinebeck, N.Y. : _bMonkfish Book Pub. _c2008. |
||
| 300 |
_axviii, 361 p., [16] p. of plates : _bill., map ; _c24 cm. |
||
| 500 | _aIncludes bibliographical references (p. 340-346) and index. | ||
| 650 |
_aStatesment _vBiography. _zAlgeria |
||
| 942 |
_2lcc _cBK |
||
| 999 |
_c58131 _d58131 |
||